000 00538nam a22001937a 4500
999 _c5884
_d5884
003 GBCCL
005 20241126110551.0
008 180412b ||||| |||| 00| 0 eng d
040 _cgbc
082 _a811.54
_bSCO
100 _aScott, A. F.
_910643
245 _aPoems of the Piper:
_bTeacher's Book /
_cA. F. Scott
260 _aLondon:
_bWard Lock Educational Co. Ltd.,
_c1966
300 _a84 p.;
_bill.,
_c19 cm.
650 _aChildren's poetry
_910644
650 _aJuvenile works
_910645
650 _aPoetry
_910646
942 _2ddc
_cBK